00571nam a2200193 a 4500001001300000003000900013005001700022008004100039020002300080082001700103100002500120245005700145260004400202300001000246500003500256505002600291650003500317700002500352nice12345678IN_TiNIC20260116014720.0131111s2010 lona grp 000 0 eng  a9780195686791c32500a891.44bTAG2 aTagore, Rabindranath aRabindranath Tagoreb Selected Writings for Children aLondan bOxford University Press c2010 a261p  aincludes index and biblioraphy2 aList of Illustrations aRabindranath Tagore - Writings1 aTagore, Rabindranath